Alle Pokémon anhand von Bildern erkennen - Kanto - Statistiken

Allgemein
  • Dieses Quiz wurde 137 mal gespielt
  • Das Durchschnittsergebnis liegt bei 120 aus 151
Antwortstatistiken
Bildquiz Antwort % Korrekt
Mauzi
91%
Bisaflor
90%
Bisasam
90%
Glurak
90%
Tauboga
90%
Aquana
89%
Evoli
89%
Kleinstein
89%
Magnetilo
89%
Mew
89%
Pikachu
89%
Tauboss
89%
Glutexo
88%
Raichu
88%
Schiggy
88%
Taubsi
88%
Turtok
88%
Abra
86%
Digda
86%
Ditto
86%
Glumanda
86%
Onix
86%
Pummeluff
86%
Relaxo
86%
Simsala
86%
Smogmog
86%
Sterndu
86%
Zubat
86%
Digdri
85%
Flegmon
85%
Kadabra
85%
Karpador
85%
Lapras
85%
Nidoking
85%
Ponita
85%
Vulpix
85%
Dratini
84%
Enton
84%
Habitak
84%
Machollo
84%
Mewtu
84%
Owei
84%
Rattfratz
84%
Schillok
84%
Flamara
83%
Hornliu
83%
Knogga
83%
Machomei
83%
Menki
83%
Pantimos
83%
Rattikarl
83%
Smogon
83%
Arktos
82%
Bisaknosp
82%
Blitza
82%
Dragoran
82%
Entoron
82%
Georok
82%
Goldini
82%
Knofensa
82%
Kokowei
82%
Lektrobal
82%
Magneton
82%
Nidoran
82%
Nidorino
82%
Quappo
82%
Quapsel
82%
Sandan
82%
Sichlor
82%
Smettbo
82%
Voltobal
82%
Arkani
81%
Bibor
81%
Golbat
81%
Lavados
81%
Myrapla
81%
Nidoqueen
81%
Aerodactyl
80%
Arbok
80%
Nidorina
80%
Dodri
79%
Duflor
79%
Ibitak
79%
Nebulak
79%
Paras
79%
Safcon
79%
Sandamer
79%
Sleima
79%
Chaneira
78%
Fukano
78%
Krabby
78%
Muschas
78%
Rasaff
78%
Rettan
78%
Vulnona
78%
Dodu
77%
Garados
77%
Geowaz
77%
Kokuna
77%
Pinsir
77%
Porenta
77%
Sleimok
77%
Gengar
76%
Kicklee
76%
Maschock
76%
Nidoran
76%
Parasek
76%
Pixi
76%
Rihorn
76%
Schlurp
76%
Zapdos
76%
Elektek
75%
Gallopa
75%
Golking
75%
Knuddeluff
75%
Piepi
75%
Raupy
75%
Tauros
75%
Magmar
74%
Porygon
74%
Quaputzi
74%
Alpollo
73%
Hypno
73%
Kabuto
73%
Snobilikat
73%
Starmie
73%
Tangela
73%
Austos
72%
Bluzuk
72%
Tragosso
72%
Kangama
71%
Rossana
71%
Seeper
71%
Giflor
70%
Tentacha
70%
Traumato
70%
Kabutops
69%
Kingler
69%
Lahmus
69%
Tentoxa
69%
Dragonir
68%
Omot
68%
Seemon
68%
Jugong
67%
Jurob
66%
Nockchan
65%
Sarzenia
65%
Ultrigaria
65%
Rizeros
64%
Amonitas
63%
Amoroso
52%
Keine übereinstimmenden Quizze gefunden
Verteilung der Resultate
Anzahl Personen mit jedem Resultat
Perzentil nach korrekt beantworteten Fragen
Ihre Resultats-Entwicklung
Sie haben dieses Quiz noch nicht gespielt